000 00738nam a2200217 a 4500
999 _c627
_d627
001 627
003 BD-JhCC
005 20171016194354.0
008 171008s1974 bg ||||| |||| 000 0 ben d
035 _a(BD-JhCC) 627
040 _aBD-JhCC
_dBD-JhCC
041 _aben
082 _a370.954
_bJLA 1974
100 _aজালালউদ্দিন, আবুল খায়ের
245 _aশিক্ষা ও বিজ্ঞানে ভারত /
_cআবুল খায়ের জালালউদ্দিন
260 _aঢাকা :
_bভারতীয় হাই কমিশন প্রকাশনা
_c1974
300 _a96 p. :
_c22 cm
650 _aEducation
_zIndia
942 _2ddc
_cBK